Popis a použití personálního počítače PP-01 : Doplňkové skriptum (SjF /

Guardado en:
Detalles Bibliográficos
Autor principal: Bronec, Pavel (Autor)
Formato: Libro
Lenguaje:checo
Publicado: Praha : České vysoké učení technické v Praze, 1987
Edición:1.vyd.
Materias:
Etiquetas: Agregar Etiqueta
Sin Etiquetas, Sea el primero en etiquetar este registro!

MARC

LEADER 00000nam a22000003a 4500
001 stu34949
005 20150617225730.4
008 920401s1987----cs------------------cze-d
040 |a STU  |b slo 
041 0 |a cze 
044 |a cs 
080 |a 681.3(075.8) 
100 1 |a Bronec, Pavel  |4 aut 
245 1 |a Popis a použití personálního počítače PP-01 :  |b Doplňkové skriptum (SjF /  |c [aut.]Pavel Bronec 
250 |a 1.vyd. 
260 |a Praha :  |b České vysoké učení technické v Praze,  |c 1987 
300 |a 47 s 
650 7 |a Počítače personálne  |2 stusub 
650 7 |a PP-01  |2 stusub 
996 |b MS219 1  |c M*S-219-1  |l MMKN  |s A  |a 24  |w stu34949_0001